Регионална библиотека "Любен Каравелов" - Русе

Логика (Запис номер 159041)

MARC детайли
000 -Лидер
Контролно поле с фиксирана дължина nam a22 a 4500
003 - Код на организацията, давaща контролен номер
Контролно поле BLK
005 - Дата и час на последна редакция
Контролно поле 20210325133155.0
008 - Елементи от данни с фиксирана дължина
fixed length control field 180410b bul|||||r ||||||| ||bul||
010 ## - Наследен системен номер
LC control number KNG00166102000
040 ## - Източник на каталожния запис
Идентификатор на билиотеката - собственик на записа BLK
041 ## - Код за език
Код за езика на текст/звукозапис или на отделно заглавие Български
Код за езика КДБФ Български
072 #7 - Код за тематичната категория
Код организация bullib
Код за тематична категория Н10
Текст Философия Н
080 ## - УДК
Текстов определител УДК Логика. Теория на познанието. Логическа методология. Херменевтика(философ. аспекти)Епистемология. Вж и 801.73
УДК код - определител по УДК 16
УДК определител (075.8)
УДК - код + определител 16(075.8)
100 1# - Редна дума - Автор
Автор Бънков, Ангел Илиев
Авторска отговорност първи автор
R(LIN) 369320
139 ## - Редно поле
Редна дума Бънков, Ангел Илиев
Авторски знак Бъл - Б 92
245 10 - Сведения за заглавието
Заглавие Логика
Редно поле (дума) Ангел Илиев Бънков.
257 ## - Страна на издаване
Страна на създаване/издаване България
260 ## - Област на издателските данни
Име на издателя, разпространителя и проч. Наука и изкуство
Година на издаване 1954
Печатница София : Литогр. Балкан
Място на издаване, разпространение и проч. София
300 ## - Физическа характеристика
Страници 352 с.
Размери/Мащаб 24 см
380 ## - Жанр
Жанр Философия
490 ## - СЕРИИ (Колекции)
Име на серия Университетска литература
9 (RLIN) 204446
650 #4 - Допълнително описание по предмет – тема
Основно описание – тема или топоним Логика - учебници за ВУЗ
9 (RLIN) 305965
653 ## - Ключова дума – ненормативна
Ключова дума логика
653 ## - Ключова дума – ненормативна
Ключова дума учебници за ВУЗ
852 ## - Местоположение
Форматна сигнатура Цб 1.240.41009
856 4# - Електронен адрес и достъп
Електронен формат pdf - файл
856 4# - Електронен адрес и достъп
Електронен формат pdf - файл
999 ## - СИСТЕМНИ КОНТРОЛНИ НОМЕРА
Koha biblionumber 159041
Koha biblioitemnumber 159041
942 ## - АРТИКУЛИ
Вид на библиотечния материал Книги
Скрит в OPAC Не
Периодичен библиозапис Да
944 ## - СЪЗДАВАНЕ И РЕДАКЦИЯ на ЗАПИСА
Създаване/Редакция Създаване
Дата на регистрацията/редакция 15.10.2014
Служител, извършил регистрацията/редакцията Наталия_Медовщикова
944 ## - СЪЗДАВАНЕ И РЕДАКЦИЯ на ЗАПИСА
Създаване/Редакция Редакция
Дата на регистрацията/редакция 15.10.2014
999 ## - СИСТЕМНИ КОНТРОЛНИ НОМЕРА
Koha biblioitemnumber 159041
Наличности
Код за отписване Код за изгубен артикул Източник на класификационната схема Код за повреда Коз за рестрикции Код за отдаване Артикулен № Име на библиотеката - собственик Име на библиотеката, в която се намира в момента Статус (Текущо местоположение) Дата на вписване в системата Местоположение - отдел Цена в лева Инвентарен номер Систематично азбучна сигнатура Баркод Номер на екземпляра Цена в евро Служебна бележка Служебен тип на артикула
  Не е изгубен Universal Decimal Classification Не е повреден без рестрикции ползва се в читалня 265755 Регионална библиотека "Любен Каравелов" Русе Регионална библиотека "Любен Каравелов" Русе Хранилище 1954-01-01 Основен фонд - ползва се само за читалня 1.28 2192/54 Цб 1.240.41009 900000039475 1 0.65 Дост: Pk N: стар фонд Дата: 01.01.1954 Дата инв: 20.04.2015 Бележки инв: О2015 Книги
Vip Innovations Ltd, Rousse, Bulgaria 2025